01024nam a22002177a 4500003000200000005001700002008004100019050002200060100002600082245015200108260007200260300006600332500004200398504005800440650004000498650002800538650008100566942001200647999001900659952012800678020250204142537.0250204b xxu||||| |||| 00| 0 eng d aP 91.3b.C38 2023 aCatiis, Mario Jose A. aInto the world of AB Communicationsban informative 2D animated video showcasing the AB Communication coursecMario Jose A. Catiis and three others aLas Pinas CitybSouthville International School and Collegescc2023 aix, 118 pages :bcolored illustrations and pictures ;c28cm.  aBachelor of Arts in Multimedia Arts.  aIncludes bibliographical references and appendices.  aCommunication—Study and teaching. aMass media—Education. aAB Communication—Curriculum--Southville International School and Colleges. 2lcccTH c367116d367116 00102lcc40aCLbCLcTHESESd2025-02-04eDONATIONkTHESESl0oP 91.3 .C38 2023pT1347r2025-02-04 00:00:00w2025-02-04yTH